Responses for Show #4046 - Monday, March 18, 2002

Contestants

[<< previous game]

Karen Lempert, a librarian from Walpole, Massachusetts

Jason Lautenschleger, a writer from Los Angeles, California

Mary Mansfield, a stay-at-home mom from Odell, Illinois (whose 2-day cash winnings total $16,000)

[next game >>]

Jeopardy! Round responses

BACK TO THE 1960s
(Alex: You're all too young.)
THE GODFATHER
COUNTRY FACTS & FIGURES
OATS
KID STUFF
PARDON MY FRENCH
    $200 7
Ray Charles

Mary
    $200 6
Mafia

Mary
    $200 22
(Jason: What is Country, er, ah, [*]?)

China

Jason
    $200 17
sow your wild oats

Mary
    $200 1
Mother

Mary
    $200 12
au revoir

Mary
    $400 8
Eddie Fisher

Mary
    $400 27
Don Vito Corleone

Triple Stumper
    $400 23
oil

Jason
    $400 18
(Jason: What are mares and, um, goats?)

mares and does

JasonKaren
    $400 2
fort

Triple Stumper
    $400 13
green

Karen
    $600 9
love beads

Karen
    $1,000 28
with the fishes

Jason
    $600 24
Libya

Mary
    $600 19
horses

Mary
    $600 3
a pool

Jason
    $600 14
papillons

Mary
    $800 10
(Jason: Who is Roger Maris & Babe Ruth?)

Mickey Mantle & Roger Maris

Jason
Triple Stumper
    $800 29
(Mary: Who is Sonny?)

Fredo

MaryJason
    $800 25
(Jason: What is Crete?)

Cyprus

MaryJason
    $800 20
Quaker Oats

Mary
    $800 4
(Karen: What's a treasure hunt?)

a scavenger hunt

JasonKaren
    $800 15
strawberry

Mary
    $1000 11
1967

Karen
    $1000 30
Robert Duvall

Triple Stumper
    $1000 26
(Karen: What is Liechtenstein?)

Luxembourg

JasonKaren
    $1000 21
smut

Triple Stumper
    $1000 5
(Jason: What is I [*]?)
(Alex: [*].)

got your nose

Jason
    $1000 16
winter

Mary

Scores at the first commercial break (after clue 16):

Mary Jason Karen
$3,600 $1,600 $1,200

Scores at the end of the Jeopardy! Round:

Mary Jason Karen
$5,800 $3,800 $600

Double Jeopardy! Round responses

FICTION
TV THEME SONGS
(Alex: You have to identify the show.)
THE STATUE OF LIBERTY
"ICK"Y WORDS
ARMS
LEGS
    $400 1
Christmas

Mary
    $400 2
Welcome Back, Kotter

Mary
    $400 21
7

Karen
    $400 11
a kickoff

Karen
    $400 26
(Alex: We have a minute to go.)

a scabbard

Triple Stumper
    $400 16
your last legs

Karen
    $800 7
Oz

Karen
    $800 3
Diff'rent Strokes

Karen
    $3,000 22
(Alex: In Paris. They gave us a big one, we gave them a little one.)

the Seine

Karen
    $800 12
a Brick

Jason
    $800 27
(Mary: What are [***]?)
[Originally ruled incorrect; reversed before Daily Double at clue 28]
...
(Alex: [To Jason] Yes, in South America.)

arrows (or darts or spears)

MaryJason
    $800 17
boots

Mary
    $1200 8
(Jason: What is Naked Lunch)

The Naked and the Dead

Jason
Triple Stumper
    $1200 4
The Facts of Life

Karen
    $1200 23
lighthouses

Karen
    $1200 13
a bailiwick

Mary
    $1,000 28
(Jason: What is a slingshot?)

a shotgun

Jason
    $1200 18
(Karen: What are 9?)
...
(Alex: A little, worm-like creature. No legs.)

0

MaryKaren
    $1600 9
The Exorcist

Mary
    $1600 5
Good Times

Triple Stumper
    $1600 24
Frédéric Auguste Bartholdi

Triple Stumper
    $1600 14
Quicken

Karen
    $1600 29
(Alex: You see it in all these old western movies, [*].)
[The end-of-round signal sounds.]

a crank

Triple Stumper
    $1600 19
daddy longlegs

Triple Stumper
    $2000 10
the Kents

Triple Stumper
    $2000 6
One Day at a Time

Triple Stumper
    $2000 25
(Alex: It refers to 1776, so [*]. That does it.)

LXXVI

Triple Stumper
    $2000 15
Limerick

Karen
    $2000 20
Crazylegs

Triple Stumper

Scores at the end of the Double Jeopardy! Round:

Mary Jason Karen
$12,200 $3,200 $11,200

[wagering suggestions for these scores]

Final Jeopardy! Round responses

CELEBRITIES
JasonWho is Tiger Woods?
$2,000
KarenWho is Tiger Woods?
$8,000
MaryWho is the Rock?
$5,000
Tiger Woods

Final scores:

Mary Jason Karen
$7,200 $5,200 $19,200
2nd place: trip for 2 to St. Lucia 3rd place: trip for 2 to the Laguna Cliffs Marriott resort in southern California New champion: $19,200

Game dynamics:

Coryat scores:

Mary Jason Karen
$12,200 $3,800 $9,000
20 R,
1 W
10 R
(including 1 DD),
5 W
(including 1 DD)
14 R
(including 1 DD),
3 W

Combined Coryat: $25,000

[game clues] [game scores] [suggest correction]

Game tape date: 2001-12-11
The J! Archive is created by fans, for fans. Scraping, republication, monetization, and malicious use prohibited; this site may use cookies and collect identifying information. See terms. The Jeopardy! game show and all elements thereof, including but not limited to copyright and trademark thereto, are the property of Jeopardy Productions, Inc. and are protected under law. This website is not affiliated with, sponsored by, or operated by Jeopardy Productions, Inc. Join the discussion at JBoard.tv.